Statistiken für Größte Städte Portugals

Klicken Sie hier um das Quiz zu spielen!

Allgemein

  • Dieses Quiz wurde 111 mal gespielt
  • Das Durchschnittsergebnis liegt bei 5 aus 15

Antwortstatistiken

BevölkerungStadt% Korrekt
547'631Lissabon
100%
237'559Porto
98%
143'532Braga
69%
143'396Coimbra
46%
111'892Funchal
46%
90'640Setúbal
38%
66'912Guimarães
31%
67'003Aveiro
17%
66'143Viseu
17%
186'503Vila Nova de Gaia
16%
175'135Amadora
8%
101'500Almada
8%
121'000Agualva-Cacém
1%
78'764Barreiro
1%
75'179Queluz
1%

Verteilung der Resultate

Perzentil nach korrekt beantworteten Fragen

Anzahl Personen mit jedem Resultat

Ihre Resultats-Entwicklung

Sie haben dieses Quiz noch nicht gespielt